000 00833nam a22002897a 4500
003 CHAP
005 20220329134120.0
008 971013s1946 r 00010 d
010 _a15618
011 _a16590
035 _a20672
040 _cCHAP
082 _a635.64
_bH55
100 0 0 _aHills, Lawrence D.
_955462
245 _aRapid tomato ripening
260 _aLondon :
_bFaber and Faber,
_c1946
300 _a143 p.
_b: ilus.
590 _aBATCH-UPD
_b10
_c20130110
_lUCH01
_h2049
590 _aBATCH-UPD
_b10
_c20130410
_lUCH01
_h1402
590 _aBATCH-UPD
_b10
_c20130914
_lUCH01
_h1603
590 _aCONVERSION
_b10
_c20130109
_lUCH01
_h1310
650 1 4 _aTomate
_xMaduración.
_9113735
700 0 _aHaywood, E. H.
_953221
901 _aBK
942 _cLIBRO
949 _a635.64 H55
_bBC
_cBPA
_d-48228
_eBPA
_h24098
_i20672
_si
999 _c15618
_d15618